Sociology of education: (Record no. 1520)
[ view plain ]
| 000 -LEADER | |
|---|---|
| fixed length control field | 00579nam a22001697a 4500 |
| 005 - DATE AND TIME OF LATEST TRANSACTION | |
| control field | 20230303013320.0 |
| 008 - FIXED-LENGTH DATA ELEMENTS--GENERAL INFORMATION | |
| fixed length control field | 230303b |||||||| |||| 00| 0 eng d |
| 020 ## - INTERNATIONAL STANDARD BOOK NUMBER | |
| International Standard Book Number | 978-1-4522-0505-2 |
| 082 ## - DEWEY DECIMAL CLASSIFICATION NUMBER | |
| Classification number | Grad. 306.43 So687 2013 |
| 100 ## - MAIN ENTRY--PERSONAL NAME | |
| Personal name | Ainsworth, James |
| Relator term | editor |
| 245 ## - TITLE STATEMENT | |
| Title | Sociology of education: |
| Remainder of title | an A-to-Z guide / |
| Statement of responsibility, etc. | James Ainsworth, editor |
| 260 ## - PUBLICATION, DISTRIBUTION, ETC. | |
| Place of publication, distribution, etc. | Los Angeles: |
| Name of publisher, distributor, etc. | Sage Publications, |
| Date of publication, distribution, etc. | c2013 |
| 300 ## - PHYSICAL DESCRIPTION | |
| Extent | 2v(xli, 1002)p. |
| 504 ## - BIBLIOGRAPHY, ETC. NOTE | |
| Bibliography, etc. note | Includes index |
| 541 ## - IMMEDIATE SOURCE OF ACQUISITION NOTE | |
| Accession number | 4426 v.1 c.1, 4427 v.2 c.1, 5222 v.1 c.2, 5223 v.2 c.2 |
| 650 ## - SUBJECT ADDED ENTRY--TOPICAL TERM | |
| Topical term or geographic name entry element | Educational sociology - Encyclopedias |
| Withdrawn status | Lost status | Source of classification or shelving scheme | Damaged status | Not for loan | Home library | Current library | Date acquired | Total Checkouts | Full call number | Barcode | Date last seen | Copy number | Price effective from | Koha item type |
|---|---|---|---|---|---|---|---|---|---|---|---|---|---|---|
| Dewey Decimal Classification | ctu-moalboal | ctu-moalboal | 05/06/2016 | G.S. 306.43 So678 2013 | 4426 | 03/03/2023 | v.1 c.1 | 03/03/2023 | Books - Graduate School | |||||
| Dewey Decimal Classification | ctu-moalboal | ctu-moalboal | 05/06/2016 | G.S. 306.43 So678 2013 | 4427 | 03/03/2023 | v.2 c.1 | 03/03/2023 | Books - Graduate School | |||||
| Dewey Decimal Classification | ctu-moalboal | ctu-moalboal | 05/06/2016 | G.S. 306.43 So678 2013 | 5222 | 03/03/2023 | v.1 c.2 | 03/03/2023 | Books - Graduate School | |||||
| Dewey Decimal Classification | ctu-moalboal | ctu-moalboal | 05/06/2016 | G.S. 306.43 So678 2013 | 5223 | 03/03/2023 | v.2 c.2 | 03/03/2023 | Books - Graduate School |